000 00279nam a2200109Ia 4500
001 1268695
005 20260417145255.0
008 260417s9999 xx 000 0 und d
020 _a9786256126275
245 0 _aŞişenin İçindeki Kalp
_cOliver Jeffers
260 _bKetebe Çocuk
999 _c1268695
_d1268695